Peep show Quiz - Finish the quote - Statistics

General Stats
  • This quiz has been taken 749 times
  • The average score is 10 of 31
Answer Stats
Start of the quote Finsh the quote % Correct
And then I go and spoil it all, by saying something stupid like __ I like you
78%
People like Coldplay and voted for __ the Nazis
75%
Just called to say hi but I guess I'll just say __ bye
74%
Four Naan, Jeremy. Four? __ That's insane
70%
Poor me. Poor me. __ Pour me another drink
69%
Those kids have no idea whatsoever of what went on at __ Stalingrad
63%
It's not who you know, __ it's who you blow
60%
How thick is __ wall?
53%
I just want to be in a controlled environment. Have a coke and a tuna sandwich, just __ mong out to some Snow Patrol
49%
Oh, right. I see. I get it. You were Lampooning me. __ It was a simple lampoon
38%
Love life may be a rather grandoise term for __ staring at women on the bus
32%
He's a faking little peg leg
28%
Frosties are just __ Cornflakes for people who can't face reality
27%
I feel completely normal, but also a bit like I want to karate chop my hand through a very high stack of __ poppadoms
26%
I'm the cuckoo in the nest, the viper in the toy box and, quite possibly, __ the man of your dreams
26%
I'm just a normal functioning member of the human race and __ no one can prove otherwise
25%
of course she has wheat intolerance, she's far too __ important to tolerate wheat
24%
Who needs romance when __ you're doing it up the bum
24%
Cool white wine __ ain't that fine
23%
Has Super Hans been talking about his kibbutz idea again? Cos I can assure you the State of Israel will not allow a __ kibbutz for hotties
21%
But what kind of freak? Is she a manimal or __ a bestselling Flanimal
19%
Do you think he really wondered, Sting, if the __ Russians loved their children
19%
Let's face it, we're falling apart piece by piece. Doesn't matter if you're single or in a couple, ___ you are going to die
17%
Keep your panties dry till __ the big guy's hard
14%
And then this voice in my head - sounded like Brian Moore, who used to do the football on ITV - said __ pack it in son. Mugs game
12%
You want the knack Mark, with women? Want the knack __ get smack
11%
I'd like to die and __ climb inside you
10%
I always go for first pressing. I mean, why wait until ___ Everyone else has their fun with the olives
8%
Be great if a car just ploughed into the lot of them. __ Twisted broken bones
8%
The sickly cassanova, aiming for a bit more of__ connect 4play
3%
Some nights she's like "Let's take drugs and go crazy." and I'm thinking __ Herodotus and a bowl of muesli
3%
No matching quizzes found
Score Distribution
Percent of People with Each Score
Percentile by Number Answered
Your Score History
You have not taken this quiz